[Event "BL 2018-19"]
[Site "Berlin"]
[Date "2019.03.02"]
[Round "10.19"]
[White "Moranda, Wojciech"]
[Black "Hertneck, Gerald"]
[Result "1-0"]
[WhiteElo "2599"]
[BlackElo "2492"]
[Annotator "TA"]
[PlyCount "93"]
[EventDate "2018.11.10"]
[EventType "team-tourn"]
[EventCountry "GER"]
[SourceTitle "playchess.com"]
[Source "ChessBase"]
[SourceQuality "1"]
[WhiteTeam "SF Berlin"]
[BlackTeam "Zugzwang Muenchen"]

{[%evp 18,93,23,0,0,-12,-7,-15,-12,0,24,0,42,49,85,75,82,67,104,102,89,88,78,105,131,13,19,18,25,0,8,17,12,0,457,466,441,450,868,891,860,733,650,239,231,229,236,221,236,237,205,225,280,242,277,284,281,285,296,276,292,280,287,264,290,285,293,281,297,288,366,368,513,500,791,783,1004,972]} 1. d4 d5 2. c4 c6 3. Nf3 Nf6 4. Nc3 dxc4 5. a4 Bf5 6. e3 e6 7. Bxc4 Bb4 8. O-O Nbd7 9. Nh4 Bg6 10. h3 Bh5 {D18: Slav Defence: 5 a4 Bf5 6 e3} 11. g4 Bg6 (11... g5 12. Ng2 Bg6 13. f3 h5 14. e4 hxg4 15. hxg4 Qa5 16. Qe2 O-O-O 17. e5 Nd5 18. Bxd5 exd5 19. Bxg5 {0-1 (44) Le,Q (2693)-Ivanchuk,V (2769) Amsterdam 2012}) 12. Nxg6 hxg6 {The position is equal.} 13. Kg2 Qe7 $146 ({Predecessor:} 13... Qa5 14. Na2 Be7 15. Bd2 Qc7 16. Nc3 O-O-O 17. a5 a6 18. f4 {½-½ (51) Trs,J (2206)-Gilberd,G (1736) ICCF email 2015}) 14. a5 e5 15. g5 Nh7 16. f4 O-O-O 17. Qf3 f5 18. gxf6 gxf6 19. a6 {And now axb7+ would win.} Nb6 20. axb7+ Kb8 21. Bb3 (21. Ba6 $16) 21... Qxb7 $11 22. dxe5 fxe5 23. Ne4 exf4 24. exf4 Nd5 25. Rd1 $36 {[%mdl 2048] White is pushing.} c5 $2 {[%mdl 8192] [#]} (25... Rhe8 $11 {and Black has nothing to worry.}) 26. Nxc5 $1 {[%mdl 512]} Bxc5 27. Bxd5 Qb6 {[#]} (27... Rxd5 $142 28. Rxd5 Rc8) 28. b4 $1 $18 {[%mdl 512]} Bd4 (28... Qxb4 29. Ba3) 29. Ra5 Nf6 30. Bc4 $2 (30. f5 {Bf4+ is the strong threat.} Nxd5 31. Rxd5 Rxd5 32. Qxd5) 30... Qb7 31. Qxb7+ Kxb7 32. Be2 Bb6 33. Rg5 Rxd1 34. Bxd1 {Black must now prevent Bb2.} Bd4 35. Bd2 Kc6 36. Rxg6 Kd5 37. Bb3+ Ke4 38. Bc2+ Kd5 39. Bd3 Ne4 40. Be1 Be3 41. f5 Bd4 42. h4 Nf6 43. Kf3 Rh7 44. Rg2 Bb6 45. Rd2 {White is clearly winning.} Bd4 (45... Rg7 $142 46. Bg3 Rg4 47. Bb1+ Rd4) 46. Bb1 Rb7 47. Ba2+ {Accuracy: White = 79%, Black = 42%.} 1-0

[Event "BL 2018-19"]
[Site "Berlin"]
[Date "2019.03.02"]
[Round "10.19"]
[White "Berelowitsch, Alexander"]
[Black "Perske, Thore"]
[Result "1/2-1/2"]
[WhiteElo "2520"]
[BlackElo "2448"]
[Annotator "RC"]
[PlyCount "118"]
[EventDate "2018.11.10"]
[EventType "team-tourn"]
[EventCountry "GER"]
[SourceTitle "playchess.com"]
[Source "ChessBase"]
[SourceQuality "1"]
[WhiteTeam "Duesseldorf"]
[BlackTeam "SV Hofheim"]
[TimeControl "40/6000+30:3000+30"]

1. e4 {[%emt 0:00:00]} e6 {[%emt 0:00:00]} 2. d4 {[%emt 0:00:00]} d5 {[%emt 0:00:00]} 3. Nd2 {[%emt 0:00:00]} c5 {[%emt 0:00:12]} 4. c3 {[%emt 0:00:09]} cxd4 {[%emt 0:08:08]} 5. cxd4 {[%emt 0:00:34]} dxe4 {[%emt 0:01:22]} 6. Nxe4 {[%emt 0:00:06]} Nf6 {[%emt 0:02:38]} 7. Bd3 {[%emt 0:06:25]} Nc6 {[%emt 0:07:22]} 8. Nf3 {[%emt 0:09:05]} Nxe4 {[%emt 0:11:56]} 9. Bxe4 {[%emt 0:00:45]} Bb4+ {[%emt 0:00:26]} 10. Bd2 {[%emt 0:01:08]} Bxd2+ {[%emt 0:02:46]} 11. Qxd2 {[%emt 0:00:28]} Bd7 {[%emt 0:00:26]} 12. O-O {[%emt 0:13:47]} O-O {[%emt 0:03:42]} 13. Rfd1 {[%emt 0:09:18]} h6 {[%emt 0:21:43]} 14. Ne5 {[%emt 0:12:09]} Rc8 {[%emt 0:01:18]} 15. g3 {[%emt 0:14:11]} Nxe5 {[%emt 0:11:32]} 16. dxe5 {[%emt 0:00:27]} Bc6 {[%emt 0:00:08]} 17. Qxd8 {[%emt 0:06:03]} Rfxd8 {[%emt 0:04:33]} 18. Rxd8+ {[%emt 0:01:10]} Rxd8 {[%emt 0:00:02]} 19. Bxc6 {[%emt 0:00:06]} bxc6 {[%emt 0:00:07]} 20. Rc1 {[%emt 0:00:03]} Rd2 {[%emt 0:01:30]} 21. Rxc6 {[%emt 0:00:18]} Rxb2 {[%emt 0:00:07]} 22. Ra6 {[%emt 0:01:43]} Rb7 {[%emt 0:00:40]} 23. h4 {[%emt 0:06:03]} h5 {[%emt 0:03:39]} 24. f3 {[%emt 0:11:36]} Kh7 {[%emt 0:04:55]} 25. Kf2 {[%emt 0:00:20]} Kg6 {[%emt 0:01:29]} 26. g4 {[%emt 0:00:22]} Rc7 {[%emt 0:04:40]} 27. Kg3 {[%emt 0:02:51]} hxg4 {[%emt 0:00:54]} 28. Kxg4 {[%emt 0:01:45]} Kh6 {[%emt 0:00:42]} 29. h5 {[%emt 0:02:44]} g6 {[%emt 0:00:26]} 30. hxg6 {[%emt 0:00:05]} Kxg6 {[%emt 0:00:02]} 31. f4 {[%emt 0:02:50]} Kg7 {[%emt 0:00:04]} 32. Kg5 {[%emt 0:01:06]} Rb7 {[%emt 0:00:26]} 33. a3 {[%emt 0:02:55]} Rc7 {[%emt 0:01:24]} 34. a4 {[%emt 0:00:12]} Rd7 {[%emt 0:02:59]} 35. Ra5 {[%emt 0:01:47]} Kf8 {[%emt 0:02:32]} 36. Kf6 {[%emt 0:01:08]} Rd4 {[%emt 0:00:06]} 37. Kg5 {[%emt 0:00:04]} Rd7 {[%emt 0:00:05]} 38. Rb5 {[%emt 0:02:25]} Rd4 {[%emt 0:01:40]} 39. a5 {[%emt 0:00:44]} Kg7 {[%emt 0:06:10]} 40. Rb7 {[%emt 0:01:28]} a6 {[%emt 0:00:12]} 41. f5 {[%emt 0:07:18]} Re4 {[%emt 0:02:56]} 42. f6+ {[%emt 0:01:42]} Kg8 {[%emt 0:00:32]} 43. Ra7 {[%emt 0:00:39]} Re1 {[%emt 0:11:05]} 44. Rxa6 {[%emt 0:08:37]} Kh7 {[%emt 0:03:32]} 45. Kf4 {[%emt 0:00:18]} Ra1 {[%emt 0:03:41]} 46. Ra7 {[%emt 0:14:41]} Kg6 {[%emt 0:02:19]} 47. a6 {[%emt 0:00:15]} Ra4+ {[%emt 0:09:39]} 48. Ke3 {[%emt 0:09:03]} Kf5 {[%emt 0:00:56]} 49. Rxf7 {[%emt 0:00:14]} Kxe5 {[%emt 0:00:06]} 50. a7 {[%emt 0:06:00]} Kf5 {[%emt 0:00:10]} 51. Kd3 {[%emt 0:02:52]} Kg6 {[%emt 0:00:06]} 52. Rb7 {[%emt 0:02:05]} Kxf6 {[%emt 0:00:06]} 53. Kc3 {[%emt 0:00:25]} e5 {[%emt 0:01:04]} 54. Kb3 {[%emt 0:00:08]} Ra1 {[%emt 0:00:10]} 55. Kc4 {[%emt 0:00:18]} Kf5 {[%emt 0:00:52]} 56. Kc5 {[%emt 0:03:47]} e4 {[%emt 0:03:11]} 57. Kb6 {[%emt 0:00:51]} e3 {[%emt 0:00:41]} 58. Re7 {[%emt 0:00:06]} Kf4 {[%emt 0:00:10]} 59. Kb7 {[%emt 0:00:12]} Kf3 {[%emt 0:00:06]} 1/2-1/2

[Event "BL 2018-19"]
[Site "Berlin"]
[Date "2019.03.02"]
[Round "10.20"]
[White "Ginsburg, Gennadi"]
[Black "Orlov, Andrey"]
[Result "0-1"]
[WhiteElo "2418"]
[BlackElo "2497"]
[Annotator "TA"]
[PlyCount "108"]
[EventDate "2018.11.10"]
[EventType "team-tourn"]
[EventCountry "GER"]
[SourceTitle "playchess.com"]
[Source "ChessBase"]
[SourceQuality "1"]
[WhiteTeam "SV Hofheim"]
[BlackTeam "Duesseldorf"]

{[%evp 9,108,10,31,28,24,22,43,20,76,39,67,28,45,47,49,0,4,4,2,5,32,15,22,-14,-22,-24,0,0,0,0,0,0,0,0,0,0,0,-46,-72,-79,-86,-98,-83,-87,-58,-125,-91,-143,-38,-145,-97,-201,-185,-201,-190,-208,-176,-354,-277,-410,-300,-637,-558,-560,0,-52,-52,-52,-48,-48,-52,-286,-286,-286,-286,-286,-286,-286,-286,-262,-255,-286,-286,-286,-286,-286,-286,-670,-644,-758,-695,-29975,-29976,-29976,-29977,-29981,-29982,-29981,-29982,-29983,-6]} 1. e4 d6 2. d4 g6 3. Nc3 Bg7 4. Bg5 a6 5. f4 b5 6. Nf3 {B06: Modern Defence} Bb7 7. Bd3 Nd7 8. e5 {White is slightly better.} Nb6 $146 (8... f6 $11 {remains equal.}) ({Predecessor:} 8... c5 9. Be4 Bxe4 10. Nxe4 Qa5+ 11. c3 cxd4 12. Qxd4 dxe5 13. Qd5 {½-½ (34) Swiercz,D (2585)-Bacrot,E (2705) Germany 2012}) 9. Qe2 Qd7 10. O-O Nh6 $1 11. Rae1 {aiming for exd6.} O-O 12. Bxh6 Bxh6 13. f5 dxe5 (13... gxf5 14. Nh4 $14) 14. dxe5 e6 15. Be4 Nd5 16. f6 Nxc3 17. bxc3 Bxe4 18. Qxe4 Rfd8 19. Nd4 Qd5 20. Nc6 {Hoping for Ne7+.} Qxe4 21. Rxe4 Rd2 22. Rf3 Bf8 23. Rd3 Bc5+ (23... Rxc2 $2 24. Ne7+ Kh8 25. Red4 $18) 24. Kf1 Rf2+ 25. Ke1 Rxg2 26. Rd7 {Threatening Nd8.} Rf8 (26... Rxh2 $6 27. Nd8 $11) 27. Re2 ({White should play} 27. Rxc7 $15 Bf2+ 28. Kf1 Rxh2 29. c4) 27... Rg1+ $1 $17 28. Kd2 h5 (28... Bb6 $17 29. Ne7+ Kh8) 29. c4 (29. Rxc7 $15 Rg4 30. Ne7+ Bxe7 31. fxe7) 29... g5 (29... bxc4 30. Rxc7 Bb6 31. Ne7+ Kh7 32. Rxc4 $15) 30. Nd8 (30. cxb5 $17 axb5 31. Rxc7) 30... Rg4 $19 (30... bxc4 31. Nc6 $17) 31. cxb5 axb5 32. c3 h4 33. Kd1 $2 (33. Nc6) 33... h3 34. Red2 (34. Kc2 $142) 34... Rg2 35. R2d3 $2 {[#]} (35. Nxe6 Rxd2+ 36. Kxd2 fxe6 37. Rg7+ Kh8 38. Rxg5) 35... g4 $1 (35... Rxh2 36. Rg3 $11) 36. Nxe6 Ra8 $2 (36... fxe6 37. Rg7+ Kh8 38. Rdd7 Rg1+ 39. Kc2 Rg2+ 40. Kd3 Be7 41. Rgxe7 Rg3+ 42. hxg3 Rc8 43. Rh7+ Kg8 44. Rdg7+ Kf8 45. Rh8#) (36... Rxh2 $19 37. Nxf8 (37. Nxc5 $2 Rg2 $19) 37... Rxa2) 37. Rd8+ ({Wrong is} 37. Nxc5 $2 Raxa2 38. Rd2 g3 $19) ({Better is} 37. Ng5 $11) 37... Rxd8 $15 38. Rxd8+ Kh7 39. Nxc5 {[%mdl 4096] Endgame Ne4 is the strong threat. KRN-KR} g3 40. Rd4 $2 (40. Rd3 $15) 40... gxh2 $19 {[%cal Rh2h1]} 41. Rh4+ Kg6 {[%cal Rh2h1]} 42. Rxh3 Rg1+ 43. Kc2 h1=Q 44. Rxh1 Rxh1 {KR-KN} 45. e6 {and the idea e7 leaves White hopeful.} Kxf6 46. exf7 Kxf7 47. Na6 {[#]} c6 $1 48. Nb8 $2 (48. Nb4 Rh6 49. Kb3) 48... Rh6 49. Kb3 Ke7 50. a4 bxa4+ {Black mates.} 51. Kxa4 Rh4+ 52. Kb3 Kd6 53. Na6 c5 54. c4 Ke5 $2 {[%mdl 32768] Accuracy: White = 31%, Black = 71%. . Sensor Board Error (Ke4/e5)?} (54... Rh1 {mates} 55. Kc3 Ra1 56. Nc7 Kxc7 57. Kd3 Kd6 58. Ke4 Ra4 59. Kd3 Ke5 60. Kc3 Ra3+ 61. Kd2 Ke4 62. Kc2 Kd4 63. Kd2 Ra2+ 64. Kd1 Kxc4 65. Ke1 Kd3 66. Kf1 Ke3 67. Kg1 Kf3 68. Kh1 Kg3 69. Kg1 Ra1#) 0-1

[Event "BL 2018-19"]
[Site "Berlin"]
[Date "2019.03.02"]
[Round "10.20"]
[White "Zysk, Robert"]
[Black "Tomczak, Jacek"]
[Result "1/2-1/2"]
[WhiteElo "2404"]
[BlackElo "2633"]
[Annotator "TA"]
[PlyCount "104"]
[EventDate "2018.11.10"]
[EventType "team-tourn"]
[EventCountry "GER"]
[SourceTitle "playchess.com"]
[Source "ChessBase"]
[SourceQuality "1"]
[WhiteTeam "Zugzwang Muenchen"]
[BlackTeam "SF Berlin"]

{[%evp 23,104,17,21,11,23,30,20,14,28,19,16,16,22,26,24,19,23,14,15,-10,0,-19,0,-21,20,23,20,20,21,0,0,0,0,-45,-43,-30,-7,-14,-10,-10,-9,-13,0,-22,-20,-31,-29,-31,0,-31,0,0,0,-25,-15,-15,0,-4,0,-11,-11,-14,-11,-8,0,0,0,0,0,0,0,0,0,-2,0,0,0,0,0,-45,0,0,0]} 1. d4 Nf6 2. c4 g6 3. Nc3 d5 4. Nf3 Bg7 5. Bg5 Ne4 6. Bf4 Nxc3 7. bxc3 c5 8. e3 O-O 9. cxd5 cxd4 10. cxd4 Qxd5 11. Be2 Nc6 12. O-O Bf5 13. Qa4 {D80: Grünfeld: Unusual White 4th moves and 4 Bg5} Qa5 14. Qxa5 Nxa5 15. Rfc1 Rfc8 16. Nd2 Rxc1+ 17. Rxc1 Rc8 18. Rxc8+ Bxc8 19. Bf3 Nc6 {[#]} 20. Nc4 $146 ({Predecessor:} 20. Bc7 Kf8 {½-½ (74) Carlsen,M (2881)-Grischuk,A (2792) Stavanger 2014}) 20... Bd7 21. d5 Nb4 22. a3 Nc2 23. Be4 Bb5 24. d6 exd6 25. Nxd6 {[%mdl 64] [#] Double Attack} Nxa3 26. Bxb7 Bd7 27. Ba6 Nc2 28. Nc4 Nb4 29. Bb7 Nd3 30. Bc7 Be6 31. Na5 Bc3 32. Be4 Nc5 33. Bc2 Bd5 {[#] Hoping for ...Ne6.} 34. Bd6 Ne4 35. Bc7 Nc5 {Threatens to win with ...Ne6.} 36. Bd6 Nb7 (36... Ne6 {with more complications.} 37. Nb3 a5 38. Nc1 Bb4 39. Bxb4 axb4 40. e4 Bc4) 37. Nxb7 Bxb7 $11 {[%mdl 4096] Endgame KBB-KBB} 38. Ba4 Bd5 39. f3 Bc4 40. Kf2 f5 41. Bc5 a6 42. h3 h5 43. g4 hxg4 44. hxg4 fxg4 45. fxg4 Kf7 46. g5 Bd5 47. Bd4 Bb4 48. Bf6 Be4 49. Bb3+ Ke8 50. Ba4+ Kf8 51. Ke2 Kf7 52. Bb3+ Ke8 {Accuracy: White = 59%, Black = 62%.} 1/2-1/2

[Event "BL 2018-19"]
[Site "Berlin"]
[Date "2019.03.02"]
[Round "10.21"]
[White "Kraemer, Martin"]
[Black "Schramm, Christian"]
[Result "1-0"]
[WhiteElo "2582"]
[BlackElo "2371"]
[Annotator "TA"]
[PlyCount "129"]
[EventDate "2018.11.10"]
[EventType "team-tourn"]
[EventCountry "GER"]
[SourceTitle "playchess.com"]
[Source "ChessBase"]
[SourceQuality "1"]
[WhiteTeam "SF Berlin"]
[BlackTeam "Zugzwang Muenchen"]

{[%evp 18,129,36,35,51,52,53,46,46,46,67,63,69,60,65,63,60,23,91,22,85,14,97,65,97,42,97,57,69,8,84,49,84,29,97,102,113,91,124,124,127,125,131,128,172,142,136,136,208,200,199,152,206,149,185,159,192,182,281,247,389,302,310,325,326,309,524,508,491,481,485,399,372,275,303,285,300,262,354,193,352,228,387,227,220,140,200,181,211,176,249,248,699,717,836,702,1876,1892,1555,907,860,438,503,500,484,473,581,512,924,889,1283,1261,1178,1120]} 1. d4 Nf6 2. c4 e6 3. Nf3 Bb4+ 4. Bd2 Qe7 5. g3 b6 6. Bg2 Bb7 7. O-O O-O 8. Bf4 Bd6 {E16: Queen's Indian: 4 g3 Bb7 5 Bg2 Bb4+} 9. Bxd6 Qxd6 (9... cxd6 10. Nc3 Rc8 11. Nd2 Bxg2 12. Kxg2 d5 13. cxd5 exd5 14. e3 Nc6 15. Rc1 Qe6 16. Ne2 {½-½ (54) Gyimesi,Z (2586)-Dizdarevic,E (2501) Sibenik 2008}) 10. Nc3 {LiveBook: 3 Games} Qe7 {White is slightly better.} 11. d5 d6 12. Nd4 e5 13. Nf5 Qd7 $146 ({Predecessor:} 13... Qd8 14. e4 Nbd7 15. f4 Bc8 16. Rc1 {0-1 (47) Also Alvarado,L (2182)-Perez Rosales,P (2129) Las Palmas 2012}) 14. e4 g6 15. Ne3 Qe7 16. f4 Nbd7 17. Qc2 Rae8 (17... exf4 $11 18. gxf4 Rfe8) 18. Rae1 (18. f5 $16) 18... a6 (18... exf4 $11 {keeps the balance.} 19. gxf4 a6) 19. b4 (19. f5 $16) 19... Bc8 (19... exf4 $1 $11 20. gxf4 Qd8) 20. Bf3 Kh8 21. Qb2 ({White should try} 21. f5 $16) 21... Rg8 ({Black should play} 21... exf4 $1 $14 22. gxf4 Rg8) 22. Kh1 Qf8 23. Bd1 (23. f5 $14) 23... Qg7 (23... exf4 $11 24. gxf4 (24. Rxf4 Qg7 $14) 24... Qg7) 24. Qc2 Re7 25. Qd3 (25. f5 $16) 25... Rge8 {[#]} (25... exf4 $11 26. gxf4 Qh6) 26. f5 $1 $16 Rg8 27. Rf2 Nf8 28. Ref1 g5 29. g4 h6 30. h3 {[%cal Bh2h3,Bh3h4][%mdl 32]} N8h7 31. Rh2 Nd7 32. Kg2 f6 (32... Nhf6 $16 33. a3 Kh7) 33. Rfh1 Qf8 34. h4 Rgg7 (34... gxh4 $16 35. Rxh4 Ng5 36. Rxh6+ Rh7 37. Rxh7+ Nxh7) 35. Ba4 Kg8 36. Ne2 Qd8 37. Ng3 Ndf8 (37... Kh8 $142 38. Bc6 gxh4) 38. hxg5 hxg5 (38... Nxg5 $142 39. c5 (39. Rxh6 Rh7 $18) 39... Rh7) 39. Rh6 Bd7 40. Bb3 Be8 41. c5 Qb8 $2 (41... bxc5 {might work better.} 42. bxc5 Nd7) 42. Qxa6 $18 bxc5 43. bxc5 Nd7 44. cxd6 cxd6 {If Black can now play ...Nc5 this consolidates a bit.} 45. Rc1 Nb6 46. Rc6 Ra7 47. Qe2 (47. Qxb6 $6 Rgb7 $18) 47... Ra3 48. Rh1 (48. Qd2 $142) 48... Rga7 $2 (48... Ra8 49. Rh6 Na4) 49. Rhc1 Nf8 $2 (49... Kh8 50. R6c3 Bd7) 50. Nc4 (50. Qd2 $142) 50... Nxc4 51. Qxc4 {Black must now prevent Rc8.} ({Much less strong is} 51. Bxc4 $6 Nh7 $16) 51... Kf7 (51... Ra8 $16 {keeps fighting.} 52. Ne2 R3a7) 52. Ne2 {[%cal Bg3e2,Be2c3,Bc3b5][%mdl 32]} Ke7 53. Nc3 {Hoping for Nb5.} R3a5 (53... Rb7 {was worth a try.} 54. Rh1 (54. Rc8 Qa7 $16) 54... Bd7) 54. a4 ({Resist} 54. Rc8 $6 Qb6) 54... Nd7 $2 (54... Rb7) 55. Nb5 {White is clearly winning.} Nb6 56. Qd3 Rxa4 57. Bxa4 Rxa4 58. Rc7+ Nd7 59. R1c2 Rxe4 60. Qxe4 {[#] Threatening mate with Qb4.} Qxb5 61. Ra7 Kf8 62. Qc4 Qb6 (62... Qb1 $142 63. Qe2 Qb4) 63. Ra6 Qe3 64. Re2 Qc5 65. Qxc5 {Precision: White = 45%, Black = 33%.} 1-0

[Event "BL 2018-19"]
[Site "Berlin"]
[Date "2019.03.02"]
[Round "10.21"]
[White "Miedema, David"]
[Black "Womacka, Mathias"]
[Result "1/2-1/2"]
[WhiteElo "2381"]
[BlackElo "2449"]
[Annotator "NA"]
[PlyCount "102"]
[EventDate "2018.11.10"]
[EventType "team-tourn"]
[EventCountry "GER"]
[SourceTitle "playchess.com"]
[Source "ChessBase"]
[SourceQuality "1"]
[WhiteTeam "Duesseldorf"]
[BlackTeam "SV Hofheim"]
[TimeControl "40/6000+30:3000+30"]

1. e4 {[%emt 0:00:00]} c5 {[%emt 0:00:00]} 2. Nf3 {[%emt 0:00:00]} d6 {[%emt 0:00:00]} 3. d4 {[%emt 0:00:00]} cxd4 {[%emt 0:00:00]} 4. Nxd4 {[%emt 0:00:00]} Nf6 {[%emt 0:00:03]} 5. Nc3 {[%emt 0:00:00]} a6 {[%emt 0:00:06]} 6. h3 {[%emt 0:00:00]} e5 {[%emt 0:01:49]} 7. Nde2 {[%emt 0:00:00]} h5 {[%emt 0:00:07]} 8. Bg5 {[%emt 0:01:10]} Be6 {[%emt 0:00:35]} 9. Bxf6 {[%emt 0:00:06]} Qxf6 {[%emt 0:00:08]} 10. Nd5 {[%emt 0:00:02]} Qd8 {[%emt 0:00:40]} 11. Qd3 {[%emt 0:00:05]} Nd7 {[%emt 0:09:51]} 12. O-O-O {[%emt 0:03:20]} g6 {[%emt 0:01:26]} 13. Kb1 {[%emt 0:01:36]} Nc5 {[%emt 0:28:22]} 14. Qf3 {[%emt 0:02:41]} Bg7 {[%emt 0:01:00]} 15. Nec3 {[%emt 0:10:53]} O-O {[%emt 0:02:55]} 16. Ne3 {[%emt 0:16:56]} b5 {[%emt 0:16:49]} 17. Ncd5 {[%emt 0:00:37]} h4 {[%emt 0:12:25]} 18. g3 {[%emt 0:01:39]} Ra7 {[%emt 0:14:30]} 19. Qg2 {[%emt 0:13:37]} Qg5 {[%emt 0:03:15]} 20. Rg1 {[%emt 0:05:54]} f5 {[%emt 0:02:50]} 21. exf5 {[%emt 0:00:48]} gxf5 {[%emt 0:00:11]} 22. f4 {[%emt 0:02:23]} Qh6 {[%emt 0:04:27]} 23. g4 {[%emt 0:02:24]} fxg4 {[%emt 0:03:50]} 24. f5 {[%emt 0:14:50]} Bxf5 {[%emt 0:01:18]} 25. Nxf5 {[%emt 0:00:48]} Rxf5 {[%emt 0:00:05]} 26. hxg4 {[%emt 0:00:18]} Rg5 {[%emt 0:00:42]} 27. Ne3 {[%emt 0:00:15]} Rf7 {[%emt 0:00:57]} 28. Qa8+ {[%emt 0:01:41]} Rf8 {[%emt 0:01:22]} 29. Qd5+ {[%emt 0:00:26]} Qe6 {[%emt 0:01:54]} 30. Qxe6+ {[%emt 0:03:53]} Nxe6 {[%emt 0:00:04]} 31. Rxd6 {[%emt 0:00:03]} Rf3 {[%emt 0:00:31]} 32. Bg2 {[%emt 0:08:20]} Rxe3 {[%emt 0:00:42]} 33. Bd5 {[%emt 0:00:04]} h3 {[%emt 0:01:29]} 34. Bxe6+ {[%emt 0:00:30]} Kf8 {[%emt 0:00:09]} 35. Rf1+ {[%emt 0:04:21]} Ke8 {[%emt 0:00:13]} 36. Bf5 {[%emt 0:01:03]} h2 {[%emt 0:00:27]} 37. Rd2 {[%emt 0:01:32]} Rf3 {[%emt 0:01:01]} 38. Rc1 {[%emt 0:01:04]} Rgxf5 {[%emt 0:01:04]} 39. gxf5 {[%emt 0:00:05]} Bh6 {[%emt 0:00:09]} 40. Rxh2 {[%emt 0:00:04]} Bxc1 {[%emt 0:00:08]} 41. Kxc1 {[%emt 0:50:04]} Rxf5 {[%emt 0:02:16]} 42. Rh6 {[%emt 0:00:00]} a5 {[%emt 0:01:40]} 43. Rc6 {[%emt 0:00:00]} e4 {[%emt 0:02:44]} 44. Re6+ {[%emt 0:00:00]} Kd7 {[%emt 0:00:15]} 45. Rxe4 {[%emt 0:00:00]} b4 {[%emt 0:04:51]} 46. Re3 {[%emt 0:00:00]} Rf1+ {[%emt 0:05:28]} 47. Kd2 {[%emt 0:00:00]} Rb1 {[%emt 0:00:09]} 48. Re5 {[%emt 0:00:00]} Rxb2 {[%emt 0:01:00]} 49. Rxa5 {[%emt 0:00:00]} Rb1 {[%emt 0:00:07]} 50. Re5 {[%emt 0:00:00]} Ra1 {[%emt 0:01:17]} 51. Ra5 {[%emt 0:00:00]} Kc6 {[%emt 0:04:00]} 1/2-1/2

[Event "BL 2018-19"]
[Site "Berlin"]
[Date "2019.03.02"]
[Round "10.22"]
[White "Lobzhanidze, Davit"]
[Black "Schuh, Dirk"]
[Result "1/2-1/2"]
[WhiteElo "2428"]
[BlackElo "2395"]
[Annotator "TA"]
[PlyCount "92"]
[EventDate "2018.11.10"]
[EventType "team-tourn"]
[EventCountry "GER"]
[SourceTitle "playchess.com"]
[Source "ChessBase"]
[SourceQuality "1"]
[WhiteTeam "SV Hofheim"]
[BlackTeam "Duesseldorf"]

{[%evp 17,92,32,34,8,16,26,40,20,31,23,41,39,35,30,41,-25,-25,-25,0,-3,-12,-16,-4,-31,-29,-81,-73,-90,-93,-95,-42,-40,-13,-73,0,-17,0,-50,-50,-59,-72,-100,-103,-101,-91,-98,-81,-110,-104,-132,-116,-124,-125,-119,-119,-168,-121,-132,-115,-111,-106,-138,-122,-116,-80,-76,-64,-44,-48,-48,-19,-21,0,-47,0,-28,0]} 1. e4 Nf6 2. e5 Nd5 3. d4 d6 4. c4 Nb6 5. exd6 cxd6 6. Nc3 g6 7. Be3 Bg7 8. Rc1 O-O 9. b3 Bf5 10. Nge2 {B03: Alekhine's Defence: Four Pawns Attack} d5 11. c5 Nc8 12. g3 $146 {White is slightly better.} ({Predecessor:} 12. Ng3 Nc6 13. Nxf5 gxf5 14. Bd3 e5 15. Qh5 N8e7 16. Ne2 Qa5+ 17. Bd2 Qxa2 18. dxe5 Qxb3 {½-½ (39) Gao,R (2552)-Zhou,J (2612) Xinghua 2016}) 12... Bg4 13. Bg2 Bxe2 $1 14. Nxe2 Nc6 15. Qd2 e6 16. Bh6 (16. g4 $14) 16... Bxh6 $11 17. Qxh6 Qf6 (17... Qa5+ {looks sharper.} 18. Qd2 Qxd2+ 19. Kxd2 a5 20. h4 h5) 18. Qd2 $1 N8e7 19. O-O b6 20. cxb6 axb6 21. a4 {[#]} (21. Rc3 $11) 21... Rfb8 $1 $17 22. Ra1 Nf5 {[%cal Rf5d4]} 23. Rfd1 Qe7 (23... b5 $17 24. a5 Nd6) 24. Bh3 $15 Nd6 25. Rdc1 (25. Nf4 $11 {keeps the balance.}) 25... Ne4 (25... Rc8 $17) 26. Qe3 $11 Rc8 27. Bg2 Nd6 28. Qd2 b5 29. axb5 Rxa1 30. Rxa1 Nxb5 31. Rc1 Rc7 32. Kf1 Qa3 33. Qe3 Na5 34. Rxc7 Nxc7 35. Bf3 Qxb3 36. Qf4 Nc4 37. Kg2 Qb6 38. h4 Qd6 39. Qf6 Ne8 40. Qg5 f6 41. Qc1 Qb6 42. Qa1 Nc7 43. Qa4 Qb5 44. Qa7 Qb6 45. Qa4 $1 Qb5 46. Qa7 $1 {[%cal Ra7c7]} Qb6 {Accuracy: White = 48%, Black = 46%.} 1/2-1/2

[Event "BL 2018-19"]
[Site "Berlin"]
[Date "2019.03.02"]
[Round "10.22"]
[White "Gerigk, Erasmus"]
[Black "Schreiner, Peter"]
[Result "1/2-1/2"]
[WhiteElo "2355"]
[BlackElo "2480"]
[Annotator "TA"]
[PlyCount "52"]
[EventDate "2018.11.10"]
[EventType "team-tourn"]
[EventCountry "GER"]
[SourceTitle "playchess.com"]
[Source "ChessBase"]
[SourceQuality "1"]
[WhiteTeam "Zugzwang Muenchen"]
[BlackTeam "SF Berlin"]

{[%evp 9,52,6,19,8,21,21,10,17,5,23,39,37,75,48,50,68,63,53,88,58,74,70,65,64,60,53,82,0,0,0,0,0,46,0,48,6,75,0,77,49,58,72,63,62,77]} 1. e4 c5 2. c3 Nf6 3. e5 Nd5 4. Bc4 Nb6 5. Bb3 d6 (5... Nc6 6. Nf3 d5 7. exd6 Qxd6 8. Na3 Be6 9. O-O Bxb3 10. Qxb3 e6 11. d4 cxd4 12. Nb5 Qd7 13. Nbxd4 {½-½ (13) Salgado Lopez,I (2629)-Mamedov,R (2703) St Petersburg 2018}) 6. exd6 {B22: Sicilian: 2 c3} Qxd6 7. Nf3 c4 8. Bc2 {The position is equal.} Qe6+ 9. Kf1 Qd5 10. Qe2 Qe6 $146 ({Predecessor:} 10... Nc6 11. Na3 Bg4 12. Be4 Qe6 {½-½ (104) Lodici,L (2404)-Shevchenko,K (2537) Trieste 2017}) 11. Qxe6 Bxe6 12. Ng5 Bd5 13. Nxh7 Nc6 14. Nxf8 Rxf8 15. d4 cxd3 16. Bxd3 O-O-O {[#] Strongly threatening ...Bc4.} 17. Be2 Rd6 18. f3 ({Better is} 18. Na3 $16) 18... Bc4 $11 19. Nd2 Bxe2+ 20. Kxe2 Rfd8 {[#] Threatens to win with ...Re6+.} 21. f4 e5 22. Nf3 Nd5 (22... Re8 $11 {remains equal.}) 23. f5 ({Much weaker is} 23. Nxe5 Re6 $11) (23. fxe5 $16 Nxe5 24. Re1 (24. Nxe5 Re8 $14)) 23... g6 (23... e4 $11 {keeps the balance.} 24. Ng5 R6d7) 24. Ng5 Rf6 25. fxg6 Rxg6 {next ...f6 is good for Black.} 26. g3 f5 {Accuracy: White = 53%, Black = 31%.} 1/2-1/2